Declaración universal de los derechos humanos : versión comentada.

محفوظ في:
التفاصيل البيبلوغرافية
مؤلفون مشاركون: Amnistía Internacional, Sección México, Instituto Indigenista Interamericano, Comisión Nacional de los Derechos Humanos (México)
التنسيق: دورية
اللغة:الإسبانية
الموضوعات:
الوسوم: إضافة وسم
لا توجد وسوم, كن أول من يضع وسما على هذه التسجيلة!

MARC

LEADER 00000cas^a2200000uu^4500
001 000468687
005 20250521000000.0
008 050901s1997^^^^^^^^^^^^rc^r^^000^0^spa^d
009 20260310124517.679
035 |a FCE 000011423 
035 |a FCE 034451 
037 |a Acervo ITESO - Biblioteca 
041 |a spa 
082 0 4 |a 323.172  |b AMNd 
110 |a Amnistía Internacional,  |b Sección México 
245 1 0 |a Declaración universal de los derechos humanos :  |b versión comentada. 
264 |a México :  |b Amnistia Internacional,  |c 1997. 
300 |a 52 p. 
336 |a texto  |b txt  |2 rdacontenido 
337 |a sin mediación  |b n  |2 rdamedio 
338 |a volumen  |b nc  |2 rdasoporte 
649 |a XX 
650 |a Derechos humanos 
710 |a Instituto Indigenista Interamericano 
710 |a Comisión Nacional de los Derechos Humanos (México) 
910 |a Fondo Centro de Estudios Educativos 
920 |a Impresos - Libros 
930 |a Fondos Especiales 
905 |a 133 
901 |a ALE034451  |b IT2  |c CEE  |u 20250521 
902 |a https://opac.biblio.iteso.mx/vufind/Record/000468687